| 000 | 00886cam a22002653a 4500 | ||
|---|---|---|---|
| 001 | 415 | ||
| 003 | PGUSA | ||
| 005 | 20140828082948.0 | ||
| 008 | 960101s1996||||xxu|||||s|||||000 | eng d | ||
| 040 |
_aPGUSA _beng |
||
| 042 | _adc | ||
| 050 | 4 | _aPR | |
| 050 | 4 | _aDP | |
| 100 | 1 |
_aBorrow, George, _d1803-1881 |
|
| 245 | 1 | 4 |
_aThe Bible in Spain : _bOr, the Journeys, Adventures, and Imprisonments of an Englishman, in an Attempt to Circulate the Scriptures in the Peninsula _h[electronic resource] / _cGeorge Borrow |
| 260 |
_bProject Gutenberg, _c1996 |
||
| 506 | _aPublic domain in the USA. | ||
| 516 | _aElectronic text | ||
| 653 | _aBorrow, George, 1803-1881 -- Travel -- Spain | ||
| 653 | _aSpain -- Description and travel | ||
| 653 | _aSpain -- History -- 19th century | ||
| 830 | 0 |
_aProject Gutenberg _v415 |
|
| 856 | 4 | 0 | _uhttp://www.gutenberg.org/ebooks/415 |
| 942 | _cEB | ||
| 999 |
_c229766 _d229766 |
||